Software engineering / (Record no. 19967)
[ view plain ]
| 000 -LEADER | |
|---|---|
| fixed length control field | 01244nam a22002655a 4500 |
| 005 - DATE AND TIME OF LATEST TRANSACTION | |
| control field | 20150708134342.0 |
| 008 - FIXED-LENGTH DATA ELEMENTS--GENERAL INFORMATION | |
| fixed length control field | 150628s2010 ii a frd 001 0 eng d |
| 020 ## - INTERNATIONAL STANDARD BOOK NUMBER | |
| International Standard Book Number | 9789350040393 |
| 040 ## - CATALOGING SOURCE | |
| Original cataloging agency | EG-ScBUE |
| Language of cataloging | eng |
| Transcribing agency | EG-ScBUE |
| Modifying agency | EG-ScBUE |
| 082 04 - DEWEY DECIMAL CLASSIFICATION NUMBER | |
| Classification number | 005.1 |
| Item number | SHA |
| Edition number | 22 |
| 100 1# - MAIN ENTRY--PERSONAL NAME | |
| Personal name | Shah, Deven N. |
| 9 (RLIN) | 38223 |
| 245 10 - TITLE STATEMENT | |
| Title | Software engineering / |
| Statement of responsibility, etc | Deven N. Shah, Dilip Motwani and Kogent Learning Solutions, Inc. |
| 260 ## - PUBLICATION, DISTRIBUTION, ETC. (IMPRINT) | |
| Place of publication, distribution, etc | New Delhi : |
| Name of publisher, distributor, etc | Dreamtech Press, |
| Date of publication, distribution, etc | 2010. |
| 300 ## - PHYSICAL DESCRIPTION | |
| Extent | x, 286 p. : |
| Other physical details | ill. ; |
| Dimensions | 25 cm. |
| 500 ## - GENERAL NOTE | |
| General note | Index : p. 285-286. |
| 500 ## - GENERAL NOTE | |
| General note | Glossary : p. 273-284. |
| 500 ## - GENERAL NOTE | |
| General note | Cover : the book covers :-- Requirements Analysis and Engineering Prototyping - Specification - Analysis Modeling<br/>--Software Design - Abstraction - Modularity - Software Architecture <br/>--Software Configuration Management <br/>--Software Configuration Items - SCM Process <br/>--Software Quality and Testing <br/>--Software Quality Assurance - Quality Metrics <br/>--Web Engineering<br/>--Security Engineering |
| 650 #7 - SUBJECT ADDED ENTRY--TOPICAL TERM | |
| Topical term or geographic name as entry element | Software engineering. |
| Source of heading or term | BUEsh |
| 9 (RLIN) | 3832 |
| 651 ## - SUBJECT ADDED ENTRY--GEOGRAPHIC NAME | |
| Source of heading or term | BUEsh |
| 653 ## - INDEX TERM--UNCONTROLLED | |
| Resource For college | Informatics and Computer Science |
| Arrived date list | June2015 |
| -- | July2015 |
| 655 ## - INDEX TERM--GENRE/FORM | |
| Form subdivision | |
| -- | 34232 |
| 700 1# - ADDED ENTRY--PERSONAL NAME | |
| Personal name | Motwani, Dilip. |
| 710 2# - ADDED ENTRY--CORPORATE NAME | |
| Corporate name or jurisdiction name as entry element | Kogent Learning Solutions, Inc. |
| 942 ## - ADDED ENTRY ELEMENTS (KOHA) | |
| Source of classification or shelving scheme | Dewey Decimal Classification |
| Call number prefix | 005.1 SHA |
| Withdrawn status | Lost status | Source of classification or shelving scheme | Damaged status | Not for loan | Koha collection | Home library | Current library | Shelving location | Date acquired | Source of acquisition | Cost, normal purchase price | Serial Enumeration / chronology | Total Checkouts | Total Renewals | Full call number | Barcode | Date last seen | Date last borrowed | Cost, replacement price | Koha item type |
|---|---|---|---|---|---|---|---|---|---|---|---|---|---|---|---|---|---|---|---|---|
| Dewey Decimal Classification | Alahram | Central Library | Central Library | Lower Floor | 28/06/2015 | 82.00 | 311 | 2 | 3 | 005.1 SHA | 000038865 | 15/07/2025 | 01/12/2018 | 102.50 | Book - Borrowing |